|
|
|
|
| LEADER |
00664 a2200181 4500 |
| 005 |
20151026133205.0 |
| 008 |
131111b xxu||||| |||| 00| 0 eng d |
| 020 |
|
|
|a 978119961321
|
| 080 |
|
|
|a 004.771.1
|b NAP
|
| 100 |
|
|
|a Napier, Rob
|
| 245 |
|
|
|a Pushing the limits with iOS 5 Programming
|b advanced application development for apple iPONE, iPad and iPod Touch
|c Rob Napier and Mugunth Kumar
|
| 260 |
|
|
|b Wiley
|c 2012
|a Sussex
|
| 300 |
|
|
|a xxii, 407p.
|
| 653 |
|
|
|a Mobile computing
|
| 653 |
|
|
|a Mobile applications
|
| 942 |
|
|
|c BK
|6 _
|
| 999 |
|
|
|c 64916
|d 64916
|
| 952 |
|
|
|0 0
|1 0
|2 udc
|4 0
|6 0047711_NAP
|7 0
|9 77277
|a UL
|b UL
|d 2013-11-11
|o 004.771.1 NAP
|p 00068425
|r 2013-11-11
|w 2013-11-11
|y BK
|